| 000 | 00572nam a2200229Ia 4500 | ||
|---|---|---|---|
| 003 | OSt | ||
| 005 | 20220918225233.0 | ||
| 006 | a|||||r|||| 00| 0 | ||
| 007 | ta | ||
| 008 | 220917b |||||||| |||| 00| 0 eng d | ||
| 024 | _a238,960 | ||
| 037 | _cTextual | ||
| 040 |
_aARTS _cARTS _beng |
||
| 041 |
_2eng _aeng |
||
| 082 | _aT4n8, P8 | ||
| 245 | 0 | _aSidney Sussex college annual 2008 | |
| 260 |
_aCambridge _bSidney Sussex College _c2008 |
||
| 300 |
_a208p. _ccm. |
||
| 650 | _aEDUCATION | ||
| 942 |
_hT4n8, P8 _cTEXL _2CC |
||
| 999 |
_c284018 _d284018 |
||